00483nam a2200157Ia 4500003000400000008004100004040001600045082001800061100001900079245007900098260004800177300001000225650003700235650002800272650002500300GCL140319s9999 xx 000 0 eng d aGCL / cGCL04a320.5409bS L1 aSHAPIRA, ANITA10aLAND AND POWER: THE ZIONIST RESORT TO FORCE 1881 - 1948 / cSHAPIRA, ANITA a[S.N] : bOXFORD UNIVERSITY PRESS ، c1994 a446 P04aNATIONAL CHARACTERISTICS - ISRAL04aJEWISH - ARAB RELATIONS04aZIONISM - PHILOSOPHY